[Event "Zagreb Hulak Memorial op 1st"]
[Site "Zagreb"]
[Date "2016.06.10"]
[Round "1"]
[White "Rogulj, Branko"]
[Black "Djodj, Goran"]
[Result "1-0"]
[WhiteElo "2388"]
[BlackElo "1937"]
[PlyCount "52"]
[EventDate "2016.06.10"]
[EventType "swiss"]
[EventRounds "9"]
[EventCountry "CRO"]
[SourceTitle "CBM 173 Extra"]
[Source "ChessBase"]
[SourceDate "2016.08.29"]
[SourceVersion "1"]
[SourceVersionDate "2016.08.29"]
[SourceQuality "1"]

1. e4 c6 2. d4 d5 3. exd5 cxd5 4. c4 Nf6 5. Nc3 g6 6. cxd5 Bg7 7. Bb5+ Bd7 8. Be2 0-0 9. Qb3 b5 10. a4 Na6 11. axb5 Nc7 12. Bg5 Nce8 13. Nf3 Nd6 14. 0-0 Nfe4 15. Bh4 h6 16. Ne5 Nd2 17. Qb4 Nxf1 18. Bxf1 Nf5 19. d6 g5 20. dxe7 Nxe7 21. Bg3 Nf5 22. Ra6 Bxe5 23. Bxe5 Be6 24. Ne4 f6 25. Nxf6+ Rxf6 26. Bxf6 Qd5 1-0

[Event "World Amateur-ch"]
[Site "Antalya"]
[Date "2011.10.03"]
[Round "3"]
[White "Djodj, Goran"]
[Black "Pakkurti, Vijay Kumar"]
[Result "1-0"]
[WhiteElo "1905"]
[BlackElo "1552"]
[PlyCount "85"]
[EventDate "2011.10.01"]
[EventType "swiss"]
[EventRounds "9"]
[EventCountry "TUR"]
[SourceTitle "CBM 144 Extra"]
[Source "ChessBase"]
[SourceDate "2011.10.28"]
[SourceVersion "1"]
[SourceVersionDate "2011.10.28"]
[SourceQuality "1"]

1. d4 d5 2. c4 c6 3. Nf3 Nf6 4. Qb3 dxc4 5. Qxc4 b5 6. Qc2 Bb7 7. e4 a6 8. Bd3 e6 9. 0-0 Nbd7 10. Bg5 Be7 11. Re1 c5 12. Bxf6 gxf6 13. a4 c4 14. Bf1 f5 15. exf5 e5 16. Nxe5 Nxe5 17. dxe5 Bb4 18. Nc3 Qg5 19. Ne4 Qg7 20. Nd6+ Bxd6 21. exd6+ Kd8 22. Qe2 f6 23. Qe7+ Qxe7 24. Rxe7 Bc6 25. axb5 axb5 26. Rxa8+ Bxa8 27. f3 h5 28. Kf2 h4 29. Rf7 Bd5 30. Rxf6 Kd7 31. b3 Kc6 32. bxc4 bxc4 33. Ke3 Kc5 34. d7 Rd8 35. Rh6 c3 36. Bd3 h3 37. Rxh3 Bc4 38. Rh4 Bb3 39. Rd4 Kc6 40. Be4+ Kc5 41. f6 Be6 42. g4 Bxd7 43. f7 1-0

[Event "Krapina op"]
[Site "Krapina"]
[Date "2011.07.16"]
[Round "9"]
[White "Djodj, Goran"]
[Black "Turk, Tajana"]
[Result "1-0"]
[WhiteElo "1873"]
[BlackElo "1881"]
[PlyCount "85"]
[EventDate "2011.06.29"]
[EventType "swiss"]
[EventRounds "9"]
[EventCountry "CRO"]
[SourceTitle "EXT 2012"]
[Source "ChessBase"]
[SourceDate "2011.11.24"]
[SourceVersion "1"]
[SourceVersionDate "2011.11.24"]
[SourceQuality "1"]

1. d4 d5 2. Nf3 Nf6 3. c4 c6 4. Qb3 dxc4 5. Qxc4 Bf5 6. g3 e6 7. Bg2 Bd6 8. 0-0 0-0 9. Bg5 h6 10. Bxf6 Qxf6 11. Nc3 b5 12. Qb3 Bh7 13. Ne5 Bxe5 14. dxe5 Qxe5 15. Nxb5 Na6 16. Bxc6 Rab8 17. a4 Rb6 18. Bf3 Nc7 19. Qc3 Qxc3 20. bxc3 Nxb5 21. axb5 Rxb5 22. Rxa7 Rc8 23. Ra8 Rxa8 24. Bxa8 Rb2 25. Bf3 Rc2 26. Rd1 Kf8 27. Rd8+ Ke7 28. Rc8 e5 29. Rc7+ Kf8 30. Bd5 Bg6 31. e3 Ke8 32. c4 Kd8 33. Ra7 Ke8 34. h4 Rc3 35. g4 h5 36. g5 Rc1+ 37. Kg2 Rc2 38. Kg3 Rc1 39. f4 exf4+ 40. Kxf4 Rf1+ 41. Ke5 Rb1 42. Kd6 Rb6+ 43. Bc6+ 1-0

[Event "CRO-chT2 Center"]
[Site "Zagreb"]
[Date "2010.10.10"]
[Round "8.41"]
[White "Djodj, Goran"]
[Black "Belani, Marijan"]
[Result "1/2-1/2"]
[WhiteElo "1883"]
[BlackElo "2156"]
[PlyCount "52"]
[EventDate "2010.03.21"]
[EventType "team-tourn"]
[EventRounds "11"]
[EventCountry "CRO"]
[SourceTitle "EXT 2012"]
[Source "ChessBase"]
[SourceDate "2011.11.24"]
[SourceVersion "1"]
[SourceVersionDate "2011.11.24"]
[SourceQuality "1"]

1. d4 Nf6 2. c4 e6 3. Nc3 d5 4. Nf3 c5 5. cxd5 cxd4 6. Nxd4 Nxd5 7. Nxd5 Qxd5 8. e3 e5 9. Nb5 Qxd1+ 10. Kxd1 Na6 11. Bd3 Bd7 12. Bd2 Bc6 13. f3 Be7 14. Ke2 0-0 15. h4 Rfd8 16. Bc4 Bd5 17. Bxd5 Rxd5 18. Nc3 Rd7 19. e4 Nc7 20. Be3 b6 21. h5 Rad8 22. Rad1 g6 23. hxg6 hxg6 24. g4 Rxd1 25. Rxd1 Rxd1 26. Kxd1 f6 1/2-1/2

[Event "Porec op"]
[Site "Porec"]
[Date "2009.12.05"]
[Round "6"]
[White "Udovicic, Roland"]
[Black "Djodj, Goran"]
[Result "1/2-1/2"]
[WhiteElo "1709"]
[BlackElo "1924"]
[PlyCount "116"]
[EventDate "2009.12.03"]
[EventType "swiss"]
[EventRounds "7"]
[EventCountry "CRO"]
[SourceTitle "CBM 133 Extra"]
[Source "ChessBase"]
[SourceDate "2010.01.05"]
[SourceVersion "1"]
[SourceVersionDate "2010.01.05"]
[SourceQuality "1"]

1. d4 f5 2. Nf3 Nf6 3. c4 g6 4. Bg5 Bg7 5. Nc3 0-0 6. g3 d6 7. Bg2 c6 8. 0-0 Qe8 9. Bxf6 Bxf6 10. e4 e5 11. dxe5 dxe5 12. Qd6 Qd7 13. Rad1 Qxd6 14. Rxd6 Be7 15. Rd2 Be6 16. Nxe5 Bf6 17. exf5 gxf5 18. f4 Bxe5 19. fxe5 Bxc4 20. Rf4 Be6 21. Rd6 Re8 22. Bh3 Nd7 23. Bxf5 Bxf5 24. Rxf5 Nxe5 25. b3 Rac8 26. Kg2 Rc7 27. h3 Rce7 28. Ne4 Nd7 29. Rxd7 Rxe4 30. Rxb7 Re2+ 31. Rf2 a5 32. g4 R2e5 33. a4 Rc5 34. Rf3 h5 35. Kg3 Kh8 36. Rbf7 Rg8 37. R7f5 Rxf5 38. Rxf5 hxg4 39. hxg4 Rb8 40. Rf3 Rb4 41. Rc3 Kg7 42. Kh4 Rb6 43. g5 Kg6 44. Rc5 Rb4+ 45. Rc4 Rb6 46. Kg4 Kg7 47. Rc3 Kg6 48. Kf4 Rb4+ 49. Rc4 Rb6 50. Rc3 Rb4+ 51. Ke5 Kxg5 52. Kd6 Kf5 53. Kxc6 Ke5 54. Rc5+ Kd4 55. Rb5 Kc3 56. Rxa5 Kxb3 57. Rb5 Kxa4 58. Rxb4+ Kxb4 1/2-1/2

[Event "CRO-chT2b"]
[Site "Croatia"]
[Date "2009.03.01"]
[Round "1"]
[White "Vidovic, Sasa"]
[Black "Djodj, Goran"]
[Result "1-0"]
[WhiteElo "2312"]
[BlackElo "1919"]
[PlyCount "93"]
[EventDate "2009.03.01"]
[EventType "team-tourn"]
[EventRounds "11"]
[EventCountry "CRO"]
[SourceTitle "EXT 2010"]
[Source "ChessBase"]
[SourceDate "2010.11.25"]
[SourceVersion "1"]
[SourceVersionDate "2010.11.25"]
[SourceQuality "1"]

1. e4 c6 2. Nc3 d5 3. Nf3 Bg4 4. h3 Bxf3 5. Qxf3 e6 6. d3 Bb4 7. Bd2 d4 8. Nb1 Bxd2+ 9. Nxd2 Nd7 10. Qg3 Qf6 11. Qc7 Rb8 12. Nc4 Qd8 13. Nd6+ Ke7 14. Qxd8+ Rxd8 15. Nxb7 Rb8 16. Na5 Kd6 17. f4 Ne7 18. Be2 h5 19. h4 Rb5 20. Nc4+ Kc7 21. Kd2 g6 22. b3 Nc8 23. Raf1 Ne7 24. Bf3 Rd8 25. g4 hxg4 26. Bxg4 Rh8 27. e5 Nc8 28. h5 gxh5 29. Rxh5 Rxh5 30. Bxh5 f6 31. a4 Rb8 32. Bf7 fxe5 33. fxe5 Nc5 34. Rf4 Ne7 35. Rxd4 Nd5 36. Rh4 Rf8 37. Rh7 Kb8 38. Nd6 Nc7 39. d4 N5a6 40. c4 c5 41. Kc3 cxd4+ 42. Kxd4 Rd8 43. c5 Nb4 44. Kc4 Nc6 45. Rh5 a5 46. Bg6 Nd5 47. Be4 1-0

[Event "Hum na Sutli op"]
[Site "Hum na Sutli"]
[Date "2008.11.30"]
[Round "9"]
[White "Djodj, Goran"]
[Black "Kozina, Zdenko"]
[Result "1-0"]
[WhiteElo "1953"]
[BlackElo "1986"]
[PlyCount "63"]
[EventDate "2008.11.22"]
[EventType "swiss"]
[EventRounds "9"]
[EventCountry "CRO"]
[SourceTitle "EXT 2010"]
[Source "ChessBase"]
[SourceDate "2010.11.25"]
[SourceVersion "1"]
[SourceVersionDate "2010.11.25"]
[SourceQuality "1"]

1. d4 d5 2. c4 e6 3. Nc3 Nf6 4. e3 c6 5. Nf3 Nbd7 6. Bd3 dxc4 7. Bxc4 b5 8. Bd3 a6 9. 0-0 c5 10. dxc5 Bxc5 11. Ne4 Be7 12. Qc2 Bb7 13. Rd1 Rc8 14. Nxf6+ Bxf6 15. Qe2 Qc7 16. a4 Qa5 17. Bd2 b4 18. Nd4 0-0 19. Bc4 Qb6 20. a5 Qd6 21. Be1 Nb8 22. Nxe6 Qe7 23. Nxf8 Rxf8 24. Bd5 Re8 25. Bxb7 Qxb7 26. Rd6 Nc6 27. Qf3 Re6 28. Rxe6 fxe6 29. Rc1 Nxa5 30. Qxb7 Nxb7 31. Bxb4 Bxb2 32. Rc8+ 1-0